00678nam a2200205Ia 450000500170000000800390001702000250005602000250008104000560010604100080016210000300017024500910020025000110029126000470030230000440034965000170039365000240041065000160043465000220045020141001074044.0130821s2013 ck d gr spa a9589329160 (20a.Ed.) a9589329160 (19a.Ed.) aCO-BoUCMbspacJose A. Gerena (modificó)d[Nuevo]00aspa1 aCarrillo de Rojas, Gladys10aFundamentos de contabilidad para profesionales no contadorescGladys Carrillo de Rojas a20a ed aBogotá (Colombia)bCorcas Editoresc2013 axii, 425 páginasbcuadros, gráficas07aContabilidad07aEstados financieros07aInventarios07aNormas contables